All ark creatures ASE and ASA quiz - Statistics

General Stats
  • This quiz has been taken 3 times
    2 since last reset
  • The average score is 21 of 276
Answer Stats
Answer % Correct
ankylosaurus
100%
megalodon
100%
pteranodon
100%
achatina
50%
allosaurus
50%
alpha carno
50%
alpha deathworm
50%
alpha leedsichthys
50%
alpha megalodon
50%
alpha mosasaurus
50%
alpha raptor
50%
alpha rex
50%
alpha tusoteuthis
50%
ammonite
50%
anglerfish
50%
ceratosaurus
50%
coelocanthos
50%
dire bear
50%
dire wolf
50%
dodo
50%
fire wyvern
50%
gasbag
50%
giganotosaurus
50%
ice wyvern
50%
lystrosaurus
50%
megaloceros
50%
mosasaurus
50%
parasaur
50%
poison wyvern
50%
quetzalcoatlus
50%
raptor
50%
reaper king
50%
reaper queen
50%
rex
50%
stegosaurus
50%
therizinosaurus
50%
thylacoleo
50%
tusoteuthis
50%
acrocanthosaurus
0%
alpha basilisk
0%
alpha blood crystal wyvern
0%
alpha fire wyvern
0%
alpha karkinos
0%
alpha surface king reaper
0%
alpha tek rex
0%
amargasaurus
0%
ambar crystal wyvern
0%
andrewsarcus
0%
araneo
0%
archaopterix
0%
archelon
0%
argentavis
0%
armadoggo
0%
arthopleura
0%
astrocetus
0%
astrodelphis
0%
attack drone
0%
aureliax
0%
autumn drakeling
0%
baryonyx
0%
basilisk
0%
basilosaurus
0%
beelzebufo
0%
beyla
0%
beyla spawn
0%
bison
0%
blood crystal wyvern
0%
blood stalker
0%
brachiosaurus
0%
bronto
0%
broodmother
0%
bulbdog
0%
carbonemys
0%
carniflora
0%
carnotaurus
0%
casteroids
0%
cat
0%
chalicotherium
0%
charcarodontosaurus
0%
cnidaria
0%
compy
0%
corrupted master controller
0%
cosmos
0%
cryolofosaurus
0%
crystal wyvern queen
0%
daodon
0%
deathworm
0%
defense unit
0%
deinonychus
0%
deinosuchus
0%
deinotherium
0%
desert titan
0%
desmodus
0%
dilophosaurus
0%
dimetrodon
0%
dimorphodon
0%
dinopithecus
0%
dinopithecus king
0%
diplocaulus
0%
diplodocus
0%
dodorex
0%
dodowyvern
0%
doedicurus
0%
dragon
0%
dreadmare
0%
dreadnoughtus
0%
dung beetle
0%
dunkleosteus
0%
elderclaw
0%
electrophorus
0%
enforcer
0%
equus
0%
eurypterid
0%
experimental giga
0%
fasolasuchus
0%
featherlight
0%
fenrir
0%
fenrisúlfr
0%
ferox
0%
fjordhawk
0%
forest titan
0%
gacha
0%
gacha claus
0%
gallimimus
0%
giant bee
0%
giant worker bee
0%
gigadesmodus
0%
giganthopithecus
0%
giganthoraptor
0%
gloon
0%
glowbug
0%
glowtail
0%
grand tortugar
0%
grendel
0%
hati
0%
helicoprion
0%
hesperornis
0%
hyaenodon
0%
hydra
0%
ice titan
0%
ichthyornis
0%
ichtyosaurus
0%
iguanodon
0%
insect swarm
0%
jerboa
0%
kairuku
0%
kaprosuchus
0%
karkinos
0%
kentrosaurus
0%
king titan
0%
lamprey
0%
leech
0%
leedsichthys
0%
lightning wyvern
0%
liopleurodon
0%
lost drakeling
0%
lost king
0%
lost queen
0%
lymantria
0%
maeguana
0%
maewing
0%
magmasaur
0%
malwyn
0%
mammoth
0%
managarmr
0%
manta
0%
manticore
0%
mantis
0%
mecha king titan
0%
megachelon
0%
megalania
0%
megalosaurus
0%
mega mek
0%
meganeura
0%
megapithecus
0%
megaraptor
0%
megatherium
0%
mek
0%
mesopithecus
0%
microraptor
0%
minotar
0%
moeder
0%
moeder minion
0%
morellatops
0%
moschops
0%
nameless
0%
natrix
0%
neophyte
0%
noglin
0%
nunatak
0%
onyc
0%
ossidon
0%
otter
0%
overseer
0%
oviraptor
0%
ovis
0%
pachy
0%
pachyrhinosaurus
0%
paleoctopus
0%
paraceratherium
0%
parekeet fish school
0%
pegomastax
0%
pelagornis
0%
pheonix
0%
phiomia
0%
piranha
0%
plesiosaurus
0%
polar bear
0%
procoptodon
0%
pulmonoscorpius
0%
purlovia
0%
pyromane
0%
raptor claus
0%
raveger
0%
revenant
0%
rhyniognatha
0%
rock drake
0%
rock elemental
0%
rock well
0%
rockwell prime
0%
rool rat
0%
sabertooth
0%
sabertooth salmon
0%
sarcosuchus
0%
scout
0%
seeker
0%
shadowmane
0%
shastasaurus
0%
shinehorn
0%
sinomacrops
0%
sköll
0%
snow owl
0%
solwyn
0%
spinosaurus
0%
spring drakeling
0%
steinbjörn
0%
summer drakeling
0%
summoner
0%
tapejara
0%
tek giga
0%
tek mosa
0%
tek parasaur
0%
tek quetzal
0%
tek raptor
0%
tek rex
0%
tek stego
0%
tek strider
0%
tek trike
0%
terrorbird
0%
thanathos
0%
thodes
0%
thorny dragon
0%
thrall
0%
titanoboa
0%
titanomyrma
0%
titanosaurus
0%
triceratops
0%
trilobite
0%
troodon
0%
tropeognathus
0%
tropical crystal wyvern
0%
unicorn
0%
veilwyn
0%
velonasaur
0%
void wyrm
0%
vulture
0%
winter drakeling
0%
wooly rhino
0%
xiphactus
0%
yeti
0%
yi ling
0%
yutiranuus
0%
zombie fire wyvern
0%
zombie lightning wyverns
0%
zombie poison wyvern
0%
zomdodo
0%
No matching quizzes found
Score Distribution
Percent of People with Each Score
Percentile by Number Answered
Your Score History
You have not taken this quiz since the last reset